000 01101nam a2200241Ia 4500
003 Ost
005 20260507075718.0
008 260507s9999||||xx |||||||||||||| ||und||
020 _a9789931602897
040 _cfsecg
041 _aara
082 _a658
100 _aتيقاوي، العربي
_eمؤلف
245 0 _aإدارة الابتكار في منظمات الأعمال :
_bالمفاهيم- التطبيقات- الاستراتجيات /
_c العربي تيقاوي
246 _aInnovation management in business organizations:concepts-applications- strategies
260 _aالجزائر:
_bدار الكتاب العربي,
_c2021
300 _a503 صفحة؛
_bإيضاحات ؛
_c24 سم
504 _aمراجع ص.483
520 _aمفاهيم عامة، الإبتكار والشركات، كذلك إدارة المعرفة وتعزيزه، بالإضافة إلى الإبتكار التنظيمي واستراتجيته والتحالفات وشبكات الابتكار.
653 _aإدارة الأعمال
653 _aالإبتكار
942 _cكتاب
999 _c45926
_d45926